Этнические украинцы в российской истории - Армагеддон - Statistics

General Stats
  • This quiz has been taken 19 times
  • The average score is 4 of 15
Answers on the Grid
Answers color-coded by a green-red scale on the quiz's grid according to % correct below.
Михаил Булгаков
Юрий Гагарин
Иван Айвазовский
Николай Гоголь
Пётр Врангель
Константин Станиславский
Семён Будённый
Николай Амосов
Илья Репин
Николай Римский-Корсаков
Александр Алёхин
Сергей Королёв
Борис Пильняк
Михаил Горбачёв
Владимир Короленко
Модест Мусоргский
Николай Пирогов
Леонид Быков
Владимир Вернадский
Лавр Корнилов
Иван Дорн
Сергей Киров
Иван Кожедуб
Александр Куприн
Илья Мечников
Семён Тимошенко
Антон Макаренко
Иван Крамской
Эдуард Лимонов
Андрей Курбский
 
Answer Stats
Answer % Correct
Михаил Булгаков
60%
Николай Гоголь
60%
Иван Дорн
47%
Сергей Королёв
33%
Владимир Короленко
33%
Семён Тимошенко
33%
Илья Репин
27%
Антон Макаренко
27%
Николай Амосов
20%
Леонид Быков
20%
Владимир Вернадский
20%
Иван Кожедуб
20%
Михаил Горбачёв
13%
Эдуард Лимонов
13%
Илья Мечников
7%
No matching quizzes found
Score Distribution
Percent of People with Each Score
Percentile by Number Answered
Your Score History
You have not taken this quiz